Ouvertures d'échecs - Mort Subite - Statistiques

Statistiques générales
  • Ce quiz a été pris 302 fois
  • Le résultat moyen est 8 sur 16
Answers on the Grid
Answers color-coded by a green-red scale on the quiz's grid according to % correct below.
Sicilienne Kan
Défense Vénitienne
Défense Bird
Ouverture Alapine
Défense Moldave
Gambit des Brumes
Défense Benoni
Gambit Benko
Système Colle
Gambit Berruyer
Début Grob
Ouverture Hérold
Défense Grünfeld
Gambit Danubien
Système de Londres
Défense Caro-Kann
Gambit du Cavalier
Variante Karpov
Attaque anglaise
Partie écossaise
Début du fou
Variante Najdorf
Attaque Balte
Partie catalane
 
Statistiques - réponses
Réponse % Correct
Système de Londres
74%
Défense Caro-Kann
72%
Partie écossaise
65%
Partie catalane
57%
Début Grob
53%
Attaque anglaise
49%
Gambit Benko
49%
Défense Grünfeld
48%
Sicilienne Kan
48%
Défense Bird
47%
Défense Benoni
46%
Ouverture Alapine
46%
Variante Najdorf
46%
Variante Karpov
40%
Système Colle
38%
Début du fou
30%
Aucun quiz correspondant
Distribution des résultats
% des personnes avec chaque résultat
Percentile par nombre de réponses
Votre historique - résultats
Vous n’avez pas pris ce quiz